<?xml version="1.0" encoding="UTF-8"?><?xml-stylesheet type="text/xsl" href="static/style.xsl"?><OAI-PMH xmlns="http://www.openarchives.org/OAI/2.0/" xmlns:xsi="http://www.w3.org/2001/XMLSchema-instance" xsi:schemaLocation="http://www.openarchives.org/OAI/2.0/ http://www.openarchives.org/OAI/2.0/OAI-PMH.xsd"><responseDate>2026-04-13T16:48:11Z</responseDate><request verb="GetRecord" identifier="oai:www.recercat.cat:2099.1/23118" metadataPrefix="marc">https://recercat.cat/oai/request</request><GetRecord><record><header><identifier>oai:recercat.cat:2099.1/23118</identifier><datestamp>2025-07-23T04:56:26Z</datestamp><setSpec>com_2072_1033</setSpec><setSpec>col_2072_452951</setSpec></header><metadata><record xmlns="http://www.loc.gov/MARC21/slim" xmlns:dcterms="http://purl.org/dc/terms/" xmlns:xsi="http://www.w3.org/2001/XMLSchema-instance" xmlns:doc="http://www.lyncode.com/xoai" xsi:schemaLocation="http://www.loc.gov/MARC21/slim http://www.loc.gov/standards/marcxml/schema/MARC21slim.xsd">
   <leader>00925njm 22002777a 4500</leader>
   <datafield ind2=" " ind1=" " tag="042">
      <subfield code="a">dc</subfield>
   </datafield>
   <datafield ind2=" " ind1=" " tag="720">
      <subfield code="a">Pujol Banús, Neus</subfield>
      <subfield code="e">author</subfield>
   </datafield>
   <datafield ind2=" " ind1=" " tag="260">
      <subfield code="c">2013-06-27</subfield>
   </datafield>
   <datafield ind2=" " ind1=" " tag="520">
      <subfield code="a">És necessari l’esforç de tots, escola, institucions, família... per canviar el model d’educació&#xd;
actual. Però tampoc em d’esperar que siguin els altres, des de fora, qui ens modifiquin el&#xd;
nostre sistema. Nosaltres des de la reflexió, l’autoavaluació i l’observació podem fer molt&#xd;
per modificar i millorar el procés d’aprenentatge de l’alumnat.&#xd;
Partint de les observacions fetes en el centre docent on he realitzat les pràctiques. El&#xd;
treball presenta unes eines metodològiques per millorar algunes mancances detectades,&#xd;
la falta de motivació i atenció, d’habilitats socials i emocionals i l’escàs treball&#xd;
competencial. El material didàctic que s’ha presentat correspon a la unitat didàctica, del&#xd;
bloc curricular Espai i Forma d’un grup de 3r d’ESO amb adaptació curricular. Aquest&#xd;
treball final de Màster pretén doncs, ser una eina útil de reflexió de com fem les coses.</subfield>
   </datafield>
   <datafield tag="653" ind2=" " ind1=" ">
      <subfield code="a">Àrees temàtiques de la UPC::Ensenyament i aprenentatge::Metodologies docents::Aprenentatge actiu</subfield>
   </datafield>
   <datafield tag="653" ind2=" " ind1=" ">
      <subfield code="a">Mathematics -- Study and teaching (Secondary)</subfield>
   </datafield>
   <datafield tag="653" ind2=" " ind1=" ">
      <subfield code="a">Metodologies</subfield>
   </datafield>
   <datafield tag="653" ind2=" " ind1=" ">
      <subfield code="a">Matemàtiques</subfield>
   </datafield>
   <datafield tag="653" ind2=" " ind1=" ">
      <subfield code="a">Innovació</subfield>
   </datafield>
   <datafield tag="653" ind2=" " ind1=" ">
      <subfield code="a">Motivació</subfield>
   </datafield>
   <datafield tag="653" ind2=" " ind1=" ">
      <subfield code="a">Intel·ligència emocional</subfield>
   </datafield>
   <datafield tag="653" ind2=" " ind1=" ">
      <subfield code="a">Treball competencial</subfield>
   </datafield>
   <datafield tag="653" ind2=" " ind1=" ">
      <subfield code="a">Matemàtica -- Educació Secundària Obligatòria</subfield>
   </datafield>
   <datafield ind2="0" ind1="0" tag="245">
      <subfield code="a">Proposta metodològica per a l’ensenyament de les matemàtiques a secundària</subfield>
   </datafield>
</record></metadata></record></GetRecord></OAI-PMH>